[Event "Vaujany op 3rd"]
[Site "Vaujany"]
[Date "2012.07.12"]
[Round "1"]
[White "Vledouts, Sacha"]
[Black "Foisor, Cristina Adela B"]
[Result "0-1"]
[WhiteElo "2035"]
[BlackElo "2401"]
[PlyCount "48"]
[EventDate "2012.07.12"]
[EventType "swiss"]
[EventRounds "9"]
[EventCountry "FRA"]
[SourceTitle "CBM 149 Extra"]
[Source "ChessBase"]
[SourceDate "2012.08.24"]
[SourceVersion "1"]
[SourceVersionDate "2012.08.24"]
[SourceQuality "1"]

1. Nf3 c5 2. c4 g6 3. Nc3 Bg7 4. d4 cxd4 5. Nxd4 Nc6 6. Nc2 d6 7. g3 Be6 8. Ne3 Rc8 9. Bg2 Qd7 10. Bd2 Bh3 11. 0-0 h5 12. Be4 Nf6 13. Bh1 Bxf1 14. Nxf1 h4 15. Nd5 hxg3 16. hxg3 Ne5 17. b3 Rxh1+ 18. Kxh1 Nxd5 19. cxd5 Ng4 20. Kg2 Qf5 21. f3 Bxa1 22. Qxa1 Qe5 23. Qd1 Nf6 24. e4 Qb2 0-1

[Event "Marseille op 4th"]
[Site "Marseille"]
[Date "2011.12.27"]
[Round "3"]
[White "Milliet, Sophie"]
[Black "Vledouts, Sacha"]
[Result "0-1"]
[WhiteElo "2386"]
[BlackElo "2043"]
[PlyCount "88"]
[EventDate "2011.12.26"]
[EventType "swiss"]
[EventRounds "9"]
[EventCountry "FRA"]
[SourceTitle "CBM 146 Extra"]
[Source "ChessBase"]
[SourceDate "2012.02.29"]
[SourceVersion "1"]
[SourceVersionDate "2012.02.29"]
[SourceQuality "1"]

1. e4 e5 2. Nf3 Nf6 3. d4 Nxe4 4. dxe5 d5 5. Nbd2 Be7 6. c4 Nxd2 7. Bxd2 Be6 8. Qc2 Nd7 9. cxd5 Bxd5 10. Bc3 Nc5 11. Rd1 0-0 12. Be2 c6 13. 0-0 Qc7 14. b3 a5 15. Ba1 a4 16. b4 Ne6 17. Qd2 Qb6 18. a3 Rfd8 19. Qc1 c5 20. Qe3 Qa7 21. b5 c4 22. Qxa7 Rxa7 23. Nd2 Bxa3 24. Bxc4 Bb4 25. Bxd5 Rxd5 26. Nc4 Rxb5 27. Rb1 Nc7 28. Rfd1 Be7 29. Rxb5 Nxb5 30. Rd5 Na3 31. Nd6 Ra8 32. Nxb7 Nc2 33. Bc3 a3 34. Ra5 Rb8 35. Rb5 a2 36. f4 a1Q+ 37. Bxa1 Nxa1 38. f5 Nc2 39. g4 Nd4 40. Rb2 Nc6 41. Rc2 Nxe5 42. Na5 Nxg4 43. Nc6 Rb1+ 44. Kg2 Ne3+ 0-1

[Event "Marseille Hiver op"]
[Site "Marseille"]
[Date "2005.12.29"]
[Round "5"]
[White "Leray, Jerome"]
[Black "Vledouts, Sacha"]
[Result "0-1"]
[WhiteElo "2256"]
[BlackElo "1870"]
[PlyCount "46"]
[EventDate "2005.12.27"]
[EventType "swiss"]
[EventRounds "9"]
[EventCountry "FRA"]
[SourceTitle "CBM 110 Extra"]
[Source "ChessBase"]
[SourceDate "2006.03.10"]
[SourceVersion "2"]
[SourceVersionDate "2006.03.10"]
[SourceQuality "1"]

1. e4 c6 2. d4 d5 3. exd5 cxd5 4. Bd3 Nf6 5. c3 Nc6 6. Bf4 Bg4 7. Qb3 Qd7 8. Nd2 e6 9. Ngf3 Bxf3 10. Nxf3 a6 11. 0-0 Be7 12. Rae1 0-0 13. Ne5 Qc8 14. a4 Na5 15. Qc2 Nc4 16. b3 Nd6 17. Re3 Re8 18. Rh3 h6 19. Re1 Bf8 20. Ree3 b5 21. Reg3 Nfe4 22. Rxh6 Qxc3 23. Bxe4 Qe1# 0-1

[Event "Marseille Hiver op"]
[Site "Marseille"]
[Date "2005.12.28"]
[Round "4"]
[White "Vledouts, Sacha"]
[Black "Teychene, Jean Louis"]
[Result "1/2-1/2"]
[WhiteElo "1870"]
[BlackElo "2043"]
[PlyCount "59"]
[EventDate "2005.12.27"]
[EventType "swiss"]
[EventRounds "9"]
[EventCountry "FRA"]
[SourceTitle "CBM 110 Extra"]
[Source "ChessBase"]
[SourceDate "2006.03.10"]
[SourceVersion "2"]
[SourceVersionDate "2006.03.10"]
[SourceQuality "1"]

1. d4 Nf6 2. c4 e6 3. Nf3 Bb4+ 4. Nc3 0-0 5. e3 d5 6. Bd3 c5 7. 0-0 Nc6 8. a3 Bxc3 9. bxc3 dxc4 10. Bxc4 b6 11. Qe2 Bb7 12. Rd1 Qc7 13. e4 cxd4 14. cxd4 Nxe4 15. Bb2 Nf6 16. Rac1 Qf4 17. Rc3 Na5 18. Ba2 Nd5 19. Bxd5 Bxd5 20. Bc1 Qg4 21. h3 Qh5 22. Qe5 Bxf3 23. Rxf3 Qxe5 24. dxe5 Nc6 25. Bb2 Rfd8 26. Rc1 Ne7 27. Rc7 Nf5 28. g4 Nh6 29. Bc1 Rdc8 30. Rfc3 1/2-1/2